| 000 | 00390nam a2200133 u 4500 | ||
|---|---|---|---|
| 001 | 000020432 | ||
| 005 | 20200929170421.0 | ||
| 008 | 100813s2015 dr 000 0 spa d | ||
| 020 | _a9789945899016 | ||
| 040 |
_aDO-SdBNP _bspa _cBNPHU |
||
| 082 |
_axxx _bxxx |
||
| 245 | 1 | 0 | _aHerramientas de autoconocimiento para el fortalecimiento de los valores y la ética. |
| 260 |
_aSanto Domingo, _c2015. |
||
| 999 |
_c19936 _d19936 |
||